Quiz o thanosie squid game - Statystyki

Ogólne statystyki
  • Ten quiz został rozwiązany 278 razy
  • Średni wynik to 6 z 8
Statystyki odpowiedzi
Hint Odpowiedź % Poprawnych
W jakim sezonie się pojawił(Tylko liczbę) 2
99%
Narzędzie które go zabiło Widelec
92%
Kto go zabił ( Numer gracza) 333
85%
Ile miał lat 37
81%
Co miał w łańcuszku w krzyżyku Narkotyki
77%
Jego pseudonim aktora T.O.P
69%
Jego zespół nazwa Big Bang
49%
Kolor włosów thanosa Fioletowe
33%
Nie znaleziono quizów pasujących do podanych kryteriów
Rozkład punktacji
Procent ludzi z każdym wynikiem
Percentyl według liczby udzielonych odpowiedzi
Twoja historia wyników
Nie rozwiązałeś tego quizu